00992njm a22002297a 450000500170000000800410001702800350005803500130009304000130010610000210011924501240014024600640026426000270032830000990035550000180045450501500047265000430062270000280066570000270069370000200072070000220074020100910144432.0100910t xxu||||| |||| 00| 0 eng d aECLP.2414bHis Master's Voice aGR-01967 aSEDcSED aGhayayen, Ghiri  aVarsha Ritu /cby Lata Mangeshkar ; Music by Hridaynath Mangeshkar ; Lyric by Sumitra Kumari Sinhah[sound recording] : aवर्षा ऋतु / लता मंगेशकर aDum Dum, India :c1969 a1 sound disc [Gramophone Recording] :banalog, 33 1/3 rpm ;c12.5 in. (LP)fGramaphone Records aBrief record. aSide1 घिरी घटायें (Ghiri Ghatayen) Lata Mangeshkar, Side 2 सतरंग चूनर (Satrang Choonar) Mahendra Kapoor 2Excerpts.aMotion Picture MusicbIndia a Mangeshkar, Hridaynath a Sinha ,Sumitra Kumari aGulam Mohammad  a Shakeel Badayuni